| 000 | 00493nam a22001697a 4500 | ||
|---|---|---|---|
| 999 |
_c9069 _d9069 |
||
| 008 | 210322b ||||| |||| 00| 0 eng d | ||
| 040 | _aBMS College of Architecture | ||
| 100 | _aM, O, Shalini | ||
| 245 | _aAquamarine park | ||
| 300 | _a46p. | ||
| 500 | _a1BM07AT042 | ||
| 502 |
_8B.Arch _NBMS College of Architecture, Visvesvaraya Technological University _aProject report _d2012 |
||
| 650 | _aPark | ||
| 700 |
_aShobha M N _eGuide |
||
| 700 |
_aK R Madhu Chand _eGuide |
||
| 942 |
_2ddc _cTHE |
||